| 000 | 00672cam a2200229 a 4500 | ||
|---|---|---|---|
| 001 | 000018979 | ||
| 005 | 20200929165907.0 | ||
| 008 | 790306s1967 sp b 000 1 spa d | ||
| 040 |
_aDO-SdBNP _bspa _cLC _dBNPHU |
||
| 042 | _apremarc | ||
| 082 |
_a863.64 _bB488m |
||
| 100 | 1 |
_aBerenguer, Luis. _940837 |
|
| 245 | 1 | 3 |
_aEl mundo de Juan Lobon / _cLuis Berenguer. |
| 260 |
_aMadrid : _bAlfaguara, _c1967. |
||
| 300 |
_a420 p. : _bmap. ; _c21 cm. |
||
| 490 | 1 |
_aAlfaguara Literaria, _v15 |
|
| 650 | 4 |
_aNovela española _91123 |
|
| 650 | 4 |
_aLiteratura española _9632 |
|
| 830 | 0 |
_aAlfaguara Literaria ; _v15 _96747 |
|
| 910 | _aCatalogación derivada / LC | ||
| 049 | _aBNGR | ||
| 999 |
_c18497 _d18497 |
||